000 00509nam a2200181 a 4500
001 11975
003 CO-ViMGA
008 141112s2004 ck r 000 u spa d
020 _a8482591444
040 _aCO-ViMGA
_bspa
_cCO-ViMGA
082 0 4 _aR920 E524
110 _aEditora Cultural Internacional
_916869
245 1 0 _aEnciclopedia de BiografĂ­as a color
260 _aBarcelona,
_cTerranova Editores,
_c1998
650 1 4 _aBIOGRAFIAS
_916870
650 1 4 _aDICCIONARIO DE BIOGRAFIAS
_916871
942 _2ddc
_cBK
999 _c23030
_d23030